| 000 | 01398nam a2200349 a 4500 | ||
|---|---|---|---|
| 001 | ebr10651446 | ||
| 003 | CaPaEBR | ||
| 006 | m u | ||
| 007 | cr cn||||||||| | ||
| 008 | 120222s2012 ctua sbk 001 0 eng d | ||
| 010 | _z 2012007643 | ||
| 020 | _z9781845539559 (hardcover) | ||
| 020 | _z9781845539566 (pbk.) | ||
| 020 | _z9781781790212 (e-book) | ||
| 040 |
_aCaPaEBR _cCaPaEBR |
||
| 035 | _a(OCoLC)828736683 | ||
| 050 | 1 | 4 |
_aML3918.U53 _bS7 2012eb |
| 082 | 0 | 4 |
_a781.648 _223 |
| 100 | 1 |
_aSt. John, Graham, _d1968- |
|
| 245 | 1 | 0 |
_aGlobal tribe _h[electronic resource] : _btechnology, spirituality and psytrance / _cGraham St John. |
| 260 |
_aBristol, Conn. : _bEquinox, _c2012. |
||
| 300 |
_ax, 392 p. : _bill. |
||
| 440 | 0 | _aStudies in popular music | |
| 504 | _aIncludes bibliographical references and index. | ||
| 504 | _aIncludes discography and filmography. | ||
| 533 |
_aElectronic reproduction. _bPalo Alto, Calif. : _cebrary, _d2013. _nAvailable via World Wide Web. _nAccess may be limited to ebrary affiliated libraries. |
||
| 650 | 0 |
_aTrance (Underground dance music) _xSocial aspects. |
|
| 650 | 0 |
_aTrance (Underground dance music) _xHistory and criticism. |
|
| 655 | 7 |
_aElectronic books. _2local |
|
| 710 | 2 | _aebrary, Inc. | |
| 856 | 4 | 0 |
_uhttp://site.ebrary.com/lib/rucke/Doc?id=10651446 _zAn electronic book accessible through the World Wide Web; click to view |
| 999 |
_c173806 _d173806 |
||